| 000 | 00486nam a2200157 i 4500 | ||
|---|---|---|---|
| 001 | 64587 | ||
| 003 | ES-MaACL | ||
| 005 | 20230906165150.0 | ||
| 007 | t| | ||
| 008 | 031230s1965 sp ||||1| spa d | ||
| 100 | 1 |
_aFontecha y Sánchez, Ramón de. _951636 |
|
| 245 | 1 | 3 |
_aLa reforma monetaria de 1868 _b: catálogo de moneda / _cRamón de Fontecha y Sánchez. |
| 260 |
_aMadrid : _b[s.n., _c1965] ( _fPar. Gráf.) |
||
| 300 |
_a108 p. ; _c24 cm. |
||
| 852 |
_aES-MaACL _jC-27773 _bR.56834 |
||
| 999 |
_c64587 _d64587 |
||